Ekonomika pestovania obilnín na JRD Jablonica záverečná práca postgraduálneho štúdia

Salvato in:
Dettagli Bibliografici
Autore principale: Kováč, Viliam
Ente Autore: Vysoká škola ekonomická v Bratislave
Altri autori: Mališ, Anton
Natura: Libro
Lingua:slovacco
Pubblicazione: Bratislava 1987
Tags: Aggiungi Tag
Nessun Tag, puoi essere il primo ad aggiungerne!!

MARC

LEADER 00000nam a2200000 4500
001 c039639
005 20221219094451.5
041 0 |a slo 
044 |a SK 
245 1 0 |a Ekonomika pestovania obilnín na JRD Jablonica  |b záverečná práca postgraduálneho štúdia  |c Viliam Kováč ; Ved. práce Anton Mališ 
264 1 |a Bratislava  |c 1987 
300 |a 65 s. 
100 1 |a Kováč, Viliam 
700 1 |a Mališ, Anton 
710 2 |a Vysoká škola ekonomická v Bratislave